[Event "Windsor NAYCC U16"]
[Site "Windsor"]
[Date "2016.08.11"]
[Round "9.37"]
[White "Chasin, Nico Werner"]
[Black "Wang, Warren"]
[Result "1/2-1/2"]
[WhiteElo "1752"]
[BlackElo "2025"]
[PlyCount "56"]
[EventDate "2016.08.07"]
[EventType "swiss"]
[EventRounds "9"]
[EventCountry "CAN"]
[SourceTitle "EXT 2022"]
[Source "ChessBase"]
[SourceDate "2021.10.06"]
[SourceVersion "1"]
[SourceVersionDate "2021.10.06"]
[SourceQuality "1"]

1. d4 Nf6 2. Nf3 c5 3. g3 g6 4. Bg2 Bg7 5. c3 cxd4 6. cxd4 0-0 7. 0-0 d5 8. Nc3 Bf5 9. Bf4 Nc6 10. Ne5 Rc8 11. Rc1 Be6 12. Na4 Nxe5 13. Bxe5 b6 14. Nc3 Qd7 15. e3 Rfd8 16. Qb3 Ne4 17. Bxg7 Kxg7 18. Nxe4 dxe4 19. Qa3 Bd5 20. Rfd1 e6 21. Bf1 a5 22. b3 Rxc1 23. Rxc1 Rc8 24. Qb2 Rc7 25. Kg2 Rxc1 26. Qxc1 Qc6 27. Qxc6 Bxc6 28. Be2 Kf6 1/2-1/2